000 00634nam a2200193Ia 4500
003 GCL
008 140319s9999 xx 000 0 ara d
040 _aGCL /
_cGCL
082 0 4 _a341.75
_bم ن
100 1 _aادوار الخراط
245 1 0 _aنحو التحرر: فيما وراء الانسان ذى البعد الواحد (هدية من الاديب عبدالفتاح الجمل) /
_cادوار الخراط
700 1 _aماركوز ، هربرت
300 _a95 ص
490 _a
650 0 4 _aالاشتراكية
650 0 4 _aالسياسة
650 0 4 _aالطبقات الاجتماعية
942 _2ddc
_cBK
999 _c38470
_d38470